000 00250nam a22000857a 4500
008 160630b xxu||||| |||| 00| 0 eng d
100 _91484
_a Sharma, V.D
245 _aIntroduction to Physical and Health Education - XI
260 _aNew Delhi
_bAvichal
_c2005
999 _c1230
_d1230